• 首页
  • 本馆介绍
  • 公告通知
  • 最新文献
  • 馆藏检索
  • 电子资源
  • 读者导购
  • 参考咨询
  • 我的图书馆
  • 登录
  • 详细信息显示
  • 放入我的书架
  • 预约/预借图书
  • 作者相关作品
  • 分类相关作品
  • 丛书相关作品
  • 出版社相关作品

书目信息

  • 表格格式
  • 工作单格式
  • 卡片格式
题名:
中国生物物种名录
    
 
作者: 张志翔 , 侯元同 , 廖帅 , 谢宜飞 编著
分册: 第一卷   植物
出版信息: 北京   科学出版社  2017.3
页数: 343页
开本: 29cm
丛书名:
单 册:
中图分类: Q152-62 , Q949.72-62
科图分类:
主题词: 生物--物种--中国--名录 , 沟繁缕科--物种--中国--名录 , 钩枝藤科--物种--中国--名录
电子资源:
ISBN: 978-7-03-052169-9
000 01841nam0 2200397 450
001 0400004868
005 20171026151635.85
010    @a978-7-03-052169-9@dCNY168.00
100    @a20170524d2017 em y0chiy50 ea
101 0  @achi@alat
102    @aCN@b110000
105    @ay az 001yy
106    @ar
200 1  @a中国生物物种名录@9zhong guo sheng wu wu chong ming lu@h第一卷@i植物@i种子植物@hVI@i被子植物@i沟繁缕科-钩枝藤科@dSpecies catalogue of China@hVolume 1@iPlants@iSpermatophytes@hVI@iAngiosperms@iElatinaceae-ancistrocladaceae@f张志翔[等]编著@zeng
210    @a北京@c科学出版社@d2017.3
215    @a343页@d29cm
300    @a“十三五”国家重点图书出版规划项目
304    @a编著者还有:侯元同、廖帅、谢宜飞
320    @a有书目(第283-285页)和索引(第286-343页)
330    @a本书收录了中国被子植物共61科476属,2995种,其中1324种(44.21%)为中国特有,277种(9.25%)为外来植物。每一种的内容包括中文名、学名和异名及原始发表文献、国内外分布等信息。本书收录了中国被子植物共61科476属,2995种,其中1324种(44.21%)为中国特有,277种(9.25%)为外来植物。每一种的内容包括中文名、学名和异名及原始发表文献、国内外分布等信息。
510 1  @aSpecies catalogue of China@hVolume 1@iPlants@iSpermatophytes@hVI@iAngiosperms@iElatinaceae-ancistrocladaceae@zeng
517 1  @a植物@9zhi wu
517 1  @a种子植物@9zhong zi zhi wu
517 1  @a被子植物@9bei zi zhi wu
517 1  @a沟繁缕科-钩枝藤科@9gou fan lv ke - gou zhi teng ke
606 0  @a生物@x物种@y中国@j名录
606 0  @a沟繁缕科@x物种@y中国@j名录
606 0  @a钩枝藤科@x物种@y中国@j名录
690    @aQ152-62@v5
690    @aQ949.72-62@v5
701  0 @a张志翔@9zhang zhi xiang@4编著
701  0 @a侯元同@9hou yuan tong@4编著
701  0 @a廖帅@9liao shuai@4编著
701  0 @a谢宜飞@9xie yi fei@4编著
801  0 @aCN@b91MARC@c20171025
905    @b1039692-5@dQ152-62@f4@e231:1
    
    中国生物物种名录.第一卷.植物.种子植物.VI.被子植物.沟繁缕科-钩枝藤科=Species catalogue of China.Volume 1.Plants.Spermatophytes.VI.Angiosperms.Elatinaceae-ancistrocladaceae/张志翔[等]编著.-北京:科学出版社,2017.3
    343页;29cm
    “十三五”国家重点图书出版规划项目
    
    ISBN 978-7-03-052169-9:CNY168.00
    本书收录了中国被子植物共61科476属,2995种,其中1324种(44.21%)为中国特有,277种(9.25%)为外来植物。每一种的内容包括中文名、学名和异名及原始发表文献、国内外分布等信息。本书收录了中国被子植物共61科476属,2995种,其中1324种(44.21%)为中国特有,277种(9.25%)为外来植物。每一种的内容包括中文名、学名和异名及原始发表文献、国内外分布等信息。
●
相关链接 在E读中查询图书 在五车中查询图书 在当当中查询图书 在豆瓣中查询图书


正题名:中国生物物种名录     索取号:Q152-62/231:1         预约/预借

序号 登录号 条形码 馆藏地/架位号 状态 备注
1 1039692   210396926   第二样本阅览室/ [索取号:Q152-62/231:1] 在馆    
2 1039693   210396935   第三借阅区/ [索取号:Q152-62/231:1] 在馆    
3 1039694   210396944   第三借阅区/ [索取号:Q152-62/231:1] 在馆    
4 1039695   210396953   生命科学系资料室/ [索取号:Q152-62/231:1] 在馆    
唐山师范学院图书馆 欢迎您!
大连网信软件有限公司© 版权所有